00356pab a2200133 454500008004000000100002000040245008200060260000900142300001300151362000800164650001600172650001800188773001600206180718b2017 xxu||||| |||| 00| 0 eng d aJeyapal, Daphne aThe evolving politics of race and social work activism: a call across borders c2017 ap.45-52. aJan aSocial work aEthnic groups aSocial Work